00000000nam##2200000za#4500
0019.536813
003CaOODSP
00520210615084450
007ta
008150406|2002||||xxc|||||     f|0| 0 fre|d
020 |a0-660-62113-4
040 |aCaOODSP|bfre
041 |aeng
041 |afre
043 |an-cn---
0861 |aBT31-4/41-2002
1101 |aCanada. |bConseil du trésor.
24510|aConseil de contrôle des renseignements relatifs aux matières dangereuses Canada
260 |aOttawa - Ontario : |bSecrétariat du Conseil du Trésor du Canada |c2002.
300 |a22p. : |borganigramme, tableaux ; |c28 cm.
4901 |aRapport sur le rendement pour la période se terminant le 31 mars 2002
563 |aCouverture souple
590 |a02-46|b2002-11-15
69107|aContrôle|2gcpds
69107|aInformation|2gcpds
69107|aInstitution fédérale|2gcpds
69107|aPrévisions budgétaires|2gcpds
69107|aProduit dangereux|2gcpds
7760#|tHazardous Materials Information Review Commission Canada, performance report for the period ending March 31, 2002 |w(CaOODSP)9.572971
7760#|tConseil de contrôle des renseignements relatifs aux matières dangereuses Canada, rapport sur le rendement pour la période se terminant le 31 mars 2002 |w(CaOODSP)9.603214
791 |tHazardous Materials Information Review Commission Canada |eeng|w(CaOODSP)9.536812
830#0|aRapport sur le rendement pour la période se terminant le 31 mars 2002.|w(CaOODSP)9.510739